000 00529nam a22002057a 4500
003 OSt
005 20140310183131.0
008 130603t xxu||||| |||| 00| 0 eng d
020 _a9716680031
050 _aPN 989
_b.B336 20_
082 _aFIL 398.2
_bB32 20_
245 _aMga Katutubong Pabula: May Ginintuang Aral
_cBatubalani, A.M.
260 _bLoacan Publishing House
_c20_
300 _a130 p.
521 _acollege students
526 _c1210L-1700L
541 _j1
562 _e1
942 _2lcc
_cBK
_kFIL
999 _c19147
_d19147